Handbook of environmental law / (Record no. 28299)
[ view plain ]
| 000 -LEADER | |
|---|---|
| fixed length control field | 01040nam a22002775a 4500 |
| 005 - DATE AND TIME OF LATEST TRANSACTION | |
| control field | 20090715160438.0 |
| 008 - FIXED-LENGTH DATA ELEMENTS--GENERAL INFORMATION | |
| fixed length control field | 090224s2009 ii b 001 0 eng d |
| 010 ## - LCCN (DPL NO) | |
| LC control number | ENG-94424 |
| 020 ## - INTERNATIONAL STANDARD BOOK NUMBER | |
| International Standard Book Number | 9780195698527 |
| Terms of availability | 895.00 |
| 020 ## - INTERNATIONAL STANDARD BOOK NUMBER | |
| International Standard Book Number | 0195698525 |
| Terms of availability | 895.00 |
| 035 ## - SYSTEM CONTROL NUMBER | |
| System control number | EN-77957 |
| 037 ## - SOURCE OF ACQUISITION | |
| Stock number | DBAD / PUB |
| 040 ## - CATALOGING SOURCE | |
| Original cataloging agency | dpl |
| Language of cataloging | English |
| 082 ## - DEWEY DECIMAL CLASSIFICATION NUMBER | |
| Classification number | 344.54046 |
| 100 ## - MAIN ENTRY--PERSONAL NAME | |
| Personal name | Sahasranaman, P. B. |
| 245 ## - TITLE STATEMENT | |
| Title | Handbook of environmental law / |
| Statement of responsibility, etc | by P.B. Sahasranaman. |
| 246 ## - VARYING FORM OF TITLE | |
| Title proper/short title | Hand book of environmental law |
| 260 ## - PUBLICATION, DISTRIBUTION, ETC. (IMPRINT) | |
| Place of publication, distribution, etc | New Delhi |
| Name of publisher, distributor, etc | Oxford University Press |
| Date of publication, distribution, etc | 2009 |
| 270 ## - ADDRESS | |
| Address | YMCA Library Building, Jai Singh Road, |
| City | New Delhi |
| Postal code | 110001 |
| 300 ## - PHYSICAL DESCRIPTION | |
| Extent | xiii, 350 p. |
| Dimensions | 25cm(Hb) |
| 500 ## - GENERAL NOTE | |
| General note | Includes indexes. |
| 504 ## - BIBLIOGRAPHY, ETC. NOTE | |
| Bibliography, etc | Includes bibliographical references |
| 650 ## - SUBJECT ADDED ENTRY--TOPICAL TERM | |
| Topical term or geographic name as entry element | Environmental law |
| Geographic subdivision | India. |
| 942 ## - ADDED ENTRY ELEMENTS (KOHA) | |
| Source of classification or shelving scheme | Dewey Decimal Classification |
| Item type | English Books |
| Classification part | 344.54046 |
| Call number suffix | SAH |
| Withdrawn status | Lost status | Source of classification or shelving scheme | Damaged status | Not for loan | Collection code | Home library | Current library | Date acquired | Source of acquisition | Cost, normal purchase price | Total Checkouts | Full call number | Barcode | Date last seen | Copy number | Cost, replacement price | Koha item type |
|---|---|---|---|---|---|---|---|---|---|---|---|---|---|---|---|---|---|
| Dewey Decimal Classification | Not For Loan | Non-fiction | D.B.Act.Division | D.B.Act.Division | 15/07/2009 | DBAD / PUB | 895.00 | 344.54046 SAH | EN-77957 | 15/07/2009 | 1 | 895.00 | English Books |
